Pelegrín Clavé : (Record no. 10840)
[ view plain ]
| 000 -CABECERA | |
|---|---|
| campo de control de longitud fija | 01651nam a22002897a 4500 |
| 001 - NÚMERO DE CONTROL | |
| campo de control | BRCA_9221 |
| 003 - IDENTIFICADOR DEL NÚMERO DE CONTROL | |
| campo de control | FranzMayer |
| 005 - FECHA Y HORA DE LA ÚLTIMA TRANSACCIÓN | |
| campo de control | 20220809140233.0 |
| 008 - DATOS DE LONGITUD FIJA--INFORMACIÓN GENERAL | |
| campo de control de longitud fija | 220726b |||||||| |||| 00| 0 eng d |
| 040 ## - FUENTE DE LA CATALOGACIÓN | |
| Lengua de catalogación | spa |
| Centro/agencia transcriptor | MFM |
| 041 ## - CÓDIGO DE LENGUA | |
| Código de lengua del texto/banda sonora o título independiente | spa |
| 050 ## - SIGNATURA TOPOGRÁFICA DE LA BIBLIOTECA DEL CONGRESO | |
| Número de clasificación | ND813.C5 |
| Número de documento/Ítem | P45 2020 |
| 245 00 - MENCIÓN DE TÍTULO | |
| Título | Pelegrín Clavé : |
| Resto del título | Origen y sentido (1811-1880) |
| 260 ## - PUBLICACIÓN, DISTRIBUCIÓN, ETC. | |
| Lugar de publicación, distribución, etc. | México : |
| Nombre del editor, distribuidor, etc. | Instituto Nacional de Bellas Artes / Museo Nacional de San Carlos |
| Fecha de publicación, distribución, etc. | 2020 |
| 260 ## - PUBLICACIÓN, DISTRIBUCIÓN, ETC. | |
| Lugar de publicación, distribución, etc. | México : |
| Nombre del editor, distribuidor, etc. | Museo Arocena, |
| Fecha de publicación, distribución, etc. | 2020 |
| 300 ## - DESCRIPCIÓN FÍSICA | |
| Extensión | 232 p. : |
| Otras características físicas | il., fot., grab. ; |
| Dimensiones | 24 x 31 cm. |
| 490 ## - MENCIÓN DE SERIE | |
| Mención de serie | Museos y galerías |
| 500 ## - NOTA GENERAL | |
| Nota general | Ubicación: L59-N5 |
| 500 ## - NOTA GENERAL | |
| Nota general | Incluye imagen de pieza del Museo Franz Mayer (p. 119) |
| 500 ## - NOTA GENERAL | |
| Nota general | Incluye imágenes de Colección privada comodato en Museo Franz Mayer (pp. 146, 149) |
| 500 ## - NOTA GENERAL | |
| Nota general | Catálogo que documenta la investigación realizada para la exposición "Pelegrín Clavé. Origen y sentido (1811-1880)", presentada en el Museo Nacional de San Carlos en la Ciudad de México (15 de noviembre 2019 al 29 de marzo 2020). |
| 520 ## - SUMARIO, ETC. | |
| Sumario, etc. | Tanto la exposición como esta publicación que la acompaña, se dan a la tarea de ahondar en el papel de Pelegrín Clavé como responsable de la formación de grandes maestros de la pintura nacional, tales como José María Velasco (1840-1912), Santiago Rebull (1829-1902) o Felipe Santiago Gutiérrez (1824-1904). - Dra. Lucía Jiménez López, Directora general del Instituto Nacional de Bellas Artes y Literatura. |
| 600 ## - PUNTO DE ACCESO ADICIONAL DE MATERIA--NOMBRE DE PERSONA | |
| Nombre de persona | Clavé, Pelegrín, |
| Fechas asociadas al nombre | 1810-1880 |
| Subdivisión de forma | Exposiciones |
| Subdivisión general | Historia |
| -- | Arte |
| 9 (RLIN) | 28507 |
| 650 ## - PUNTO DE ACCESO ADICIONAL DE MATERIA--TÉRMINO DE MATERIA | |
| Término de materia o nombre geográfico como elemento de entrada | Arte |
| Subdivisión general | Pintura |
| -- | Bocetos |
| 9 (RLIN) | 28508 |
| 942 ## - ELEMENTOS DE PUNTO DE ACCESO ADICIONAL (KOHA) | |
| Fuente del sistema de clasificación o colocación | Library of Congress Classification |
| Tipo de ítem Koha | Libros |
| Estado de retiro | Estado de pérdida | Fuente del sistema de clasificación o colocación | Estado dañado | No para préstamo | Localización permanente | Ubicación/localización actual | Fecha de adquisición | Signatura topográfica completa | Código de barras | Fecha visto por última vez | Precio válido a partir de | Tipo de ítem Koha | Total de préstamos | Código de colección |
|---|---|---|---|---|---|---|---|---|---|---|---|---|---|---|
| El ejemplar forma parte de la colección y puede ser consultado según las políticas vigentes. | Library of Congress Classification | Biblioteca del Museo Franz Mayer (Rogerio Casas-Alatriste) | Biblioteca del Museo Franz Mayer (Rogerio Casas-Alatriste) | 26/07/2022 | ND813.C5 P45 2020 | CONT10008 | 26/07/2022 | 26/07/2022 | Libros | |||||
| El ejemplar forma parte de la colección y puede ser consultado según las políticas vigentes. | Library of Congress Classification | Biblioteca del Museo Franz Mayer (Rogerio Casas-Alatriste) | Biblioteca del Museo Franz Mayer (Rogerio Casas-Alatriste) | 26/07/2022 | ND813.C5 P45 2020 | CONT10009 | 26/07/2022 | 26/07/2022 | Libros | |||||
| El ejemplar forma parte de la colección y puede ser consultado según las políticas vigentes. | Library of Congress Classification | Biblioteca del Museo Franz Mayer (Rogerio Casas-Alatriste) | Biblioteca del Museo Franz Mayer (Rogerio Casas-Alatriste) | 11/10/2023 | ND813.C5 P45 2020 | CONT10239 | 11/10/2023 | 11/10/2023 | Libros | Fondo Contemporáneo |